书目信息 |
| 题名: |
昆虫生态学研究与应用
|
|
| 作者: | 张润杰 , 张古忍 , 张文庆 编 | |
| 分册: | ||
| 出版信息: | 北京 科学出版社 2017.4 |
|
| 页数: | 342页 | |
| 开本: | 26cm | |
| 丛书名: | ||
| 单 册: | ||
| 中图分类: | Q968.1 | |
| 科图分类: | ||
| 主题词: | 昆虫学--动物生态学--研究 | |
| 电子资源: | ||
| ISBN: | 978-7-03-051967-2 | |
| 000 | 01010nam0 2200277 450 | |
| 001 | 0400001593 | |
| 005 | 20171018174157.0 | |
| 010 | @a978-7-03-051967-2@dCNY78.00 | |
| 100 | @a20170619d2017 em y0chiy50 ea | |
| 101 | 0 | @achi |
| 102 | @aCN@b110000 | |
| 105 | @ay z 000yy | |
| 106 | @ar | |
| 200 | 1 | @a昆虫生态学研究与应用@9kun chong sheng tai xue yan jiu yu ying yong@f张润杰,张古忍,张文庆编 |
| 210 | @a北京@c科学出版社@d2017.4 | |
| 215 | @a342页@d26cm | |
| 312 | @a封面英文题名:Research and application of insect ecology | |
| 330 | @a本书从昆虫个体、种群、群落、生态系统(含景观和区域生态系统)、全球变化和生物技术6个方面介绍昆虫生态学研究与应用的理论、研究方法和应用技术。 | |
| 510 | 1 | @aResearch and application of insect ecology@zeng |
| 606 | 0 | @a昆虫学@x动物生态学@x研究 |
| 690 | @aQ968.1@v5 | |
| 701 | 0 | @a张润杰@9zhang run jie@4编 |
| 701 | 0 | @a张古忍@9zhang gu ren@4编 |
| 701 | 0 | @a张文庆@9zhang wen qing@4编 |
| 801 | 0 | @aCN@b91MARC@c20171018 |
| 905 | @b1022254-8@dQ968.1@f5@e46 | |
| 昆虫生态学研究与应用/张润杰,张古忍,张文庆编.-北京:科学出版社,2017.4 |
| 342页;26cm |
| ISBN 978-7-03-051967-2:CNY78.00 |
| 本书从昆虫个体、种群、群落、生态系统(含景观和区域生态系统)、全球变化和生物技术6个方面介绍昆虫生态学研究与应用的理论、研究方法和应用技术。 |
| ● |
| 相关链接 |
|
|
|
|
正题名:昆虫生态学研究与应用
索取号:Q968.1/46
 
预约/预借
| 序号 | 登录号 | 条形码 | 馆藏地/架位号 | 状态 | 备注 |
| 1 | 1022254 | 210222542 | 第二样本阅览室/ [索取号:Q968.1/46] | 在馆 | |
| 2 | 1022255 | 210222551 | 密集书库-生命科学系/ [索取号:Q968.1/46] | 在馆 | |
| 3 | 1022256 | 210222560 | 第三借阅区/ [索取号:Q968.1/46] | 在馆 | |
| 4 | 1022257 | 210222579 | 第三借阅区/ [索取号:Q968.1/46] | 在馆 | |
| 5 | 1022258 | 210222588 | 第三借阅区/ [索取号:Q968.1/46] | 在馆 |